Guess the Fusion Rock Song Lyrics #77 - Statistics

General Stats
  • This quiz has been taken 24 times
    15 since last reset
  • The average score is 176 of 247
Answer Stats
Answer % Correct
a
100%
And
100%
I
100%
the
100%
to
100%
be
92%
Can
92%
can't
92%
Do
92%
go
92%
it
92%
It's
92%
know
92%
on
92%
that
92%
what
92%
When
92%
you
92%
You
92%
don't
83%
ha
83%
ho
83%
no
83%
one
83%
so
83%
we
83%
We
83%
are
75%
could
75%
done
75%
how
75%
me
75%
Now
75%
now
75%
only
75%
talk
75%
think
75%
were
75%
why
75%
you've
75%
anymore
67%
believe
67%
But
67%
down
67%
had
67%
life
67%
made
67%
Oh
67%
time
67%
Well
67%
your
67%
feel
58%
really
58%
was
58%
You're
58%
you're
58%
away
50%
Cliff Richard
50%
come
50%
funny
50%
imagine
50%
lonely
50%
long
50%
today
50%
Used
50%
you'd
50%
ago
42%
Ah
42%
ain't
42%
comes
42%
complete
42%
doesn't
42%
losing
42%
seems
42%
sleep
42%
sweet
42%
throw
42%
wanna
42%
way
42%
again
33%
crying
33%
free
33%
guess
33%
hope
33%
letting
33%
meant
33%
sail
33%
counting
25%
leaving
25%
matter
25%
own
25%
Remember
25%
sheep
25%
Sheep
25%
which
25%
No matching quizzes found
Score Distribution
Percent of People with Each Score
Percentile by Number Answered
Your Score History
You have not taken this quiz since the last reset